Caveira - Operaė̳s Policiais Especiais

Bibliographic Details
Main Author: De Carvalho, Lucius Paulo
Format: eBook
Language:Portuguese
Published: Rio de Janeiro: Batalhô de Operaė̳s Policiais Especiais - BOPE, 2021
Subjects:
Online Access:Acceso restringido

MARC

LEADER 00000nam a22000007a 4500
005 20220720212256.0
007 cr|||| ||||
008 220720s2021 br |||||s|||| 00||0 por d
020 |a 978-65-00-22995-0 
035 |a 36680 
040 |a vLex 
090 |c 13630  |d 13630 
100 1 |a De Carvalho, Lucius Paulo 
245 1 0 |a Caveira - Operaė̳s Policiais Especiais  |h [Recurso electrn̤ico] /  |c Lucius Paulo De Carvalho 
256 |a Servicio en ln̕ea 
260 |a Rio de Janeiro:  |b Batalhô de Operaė̳s Policiais Especiais - BOPE,  |c 2021 
300 |a 1 recurso electrn̤ico 
500 |a Caveira ̌o tt̕ulo concedido ao concludente de Curso de Operaė̳s Especiais (COEsp) conduzido pelas Polc̕ias Militares ou Forȧs Armadas do Brasil. No campo da seguranȧ pb︢lica, este especialista ̌o expoente para o atendimento das ocorrn̊cias de alto risco e de maior complexidade. Tornar-se Caveira ̌um caminho r̀duo que requer vocaȯ̂ e uma adequada preparaȯ̂ fs̕ica, tčnica e psicolg̤ica. Do contrr̀io, o fracasso ser ̀certo, pois os n̕dices de reprovaȯ̂ alcanȧm at ̌90% dos candidatos. A maioria dos Estados nomina como BOPE - Batalhô de Operaė̳s Policiais Especiais - a Unidade casa dos Caveiras e sô semelhantes quanto s̉ caracters̕ticas de seleȯ̂, treinamento e emprego operacional, ressalvadas as demandas criminais e peculiaridades regionais. Dividida em quatro seė̳s, a obra apresenta elementos originr̀ios das operaė̳s policiais especiais e aspectos doutrinr̀ios atuais, combinados com experin̊cias profissionais no processo de recrutamento e execuȯ̂ de misse̳s reais. Caveira! 
506 1 |a Disponible solo en los productos indicados  |d vLex Global  |d vLex Global (Academic Edition, excluding Law Schools)  |d vLex Global (U.S. Academic Edition, Law Schools)  |d vLex Global (U.S. Academic Edition, excluding Law Schools)  |d vLex Global (Academic Edition, Law Schools) 
650 0 4 |a Derecho Comunitario  |z Brasil 
740 0 |a vLex Libros (Servicio en ln̕ea) 
856 4 0 |u https://app.vlex.com/#/sources/36680  |z Acceso restringido 
942 |c BOOK 
999 0 |a Community Law